| 000 | 04198cam a22005054i 4500 | ||
|---|---|---|---|
| 003 | PE-LiUPU | ||
| 005 | 20250731173054.0 | ||
| 008 | 180307s2017 ne rb 001 0 eng d | ||
| 020 | _a9789004332294 | ||
| 035 | _a(Sirsi) a241473 | ||
| 040 |
_aPE-LiUPU _bspa _cPE-LiUPU _erda |
||
| 049 | _aPRUA | ||
| 082 | 0 | 0 |
_a234 _bS3 _223 |
| 245 | 0 | 2 |
_aSecular grace / _cedited by Dana Freibach-Heifetz ; translated from the Hebrew by Barbara Harshav. |
| 264 | 1 |
_aLeiden : _bBrill, _c2017. |
|
| 300 |
_axi, 196 páginas : _c25 centímetros. |
||
| 336 |
_atext _2rdacontent |
||
| 337 |
_aunmediated _2rdamedia |
||
| 338 |
_avolume _2rdacarrier |
||
| 490 | 1 |
_aValue inquiry book series ; _v299 |
|
| 490 | 1 |
_aValue inquiry book series ; _Ethical theory and practice. |
|
| 504 | _aBibliografía : páginas 183-189. | ||
| 504 | _aÍndice : páginas 190-196. | ||
| 505 | 0 | _aIntroduction -- The death of God -- Freedom devoid of alternatives to Religion -- Quasi-religious alternatives to religion -- Secular humanism -- Secular grace -- The structure and methodology of the book -- Grace and salvation in christianity -- Relation -- Gift -- Free will to give and to receive -- The subjective aspect of grace -- The objective aspect of grace -- Outcomes of graces: Salvation -- Liberation -- Love -- Granting meaning to life -- Selfhood -- Secular grace: First thoughts -- A general concept of grace -- The background of secular grace -- Relationship -- The sides of the relationship of grace -- Equality and reciprocity -- Personal and dialogic relationship -- Free will -- The subjective aspect: Mutual love -- Disinterest -- Acceptance, identification and respect -- Difficulties and dangers -- Secular love and christian love -- The objetive aspect: Acts of grace -- Practical measure of Grace -- Outcomes of grace -- Liberation -- Love -- Meaning -- Selfhood -- Other possible outcomes -- Dialogue, encounter, friendship, gift -- I-Thou relationship according to Buber -- Self-identify between relation and relationship -- Characteristics of I-Tou relationship -- The conditions for the existence of I-Thou relationship -- Outcomes of I-Thou relationship -- I-Thou as grace, grace as I-Thou -- The encounter with the face of the other in the thinking of Levinas -- The world of totality and te world of infinity -- Self-identity in the presence of the other -- Fruits of the ethical relation to the other -- The levinasian encounter with the other´s face and secular grace -- Gift and generosity -- What is a gift -- The giver and the receiver -- The measure of giving -- Dangers of giving and its difficulties -- Secular grace as a gift -- Friendship -- What is friendship -- Between emotion and choice -- Scope of friendship -- Conditions for establishing friendship -- Friendship and Selfhood -- Fruits of friendship -- Difficulties and dangers of friendship -- Friendship as secular grace -- Secular grace: Further Glance -- Secular grace in Prose -- The grace-path of prince Myshkin -- An Idiot, or: Prince Myshikin´s mistake -- Reevaluating prince myshkin´s path -- Grace-relation with the dead -- Relation with the dead -- Secular grace with the dead -- Secular salvation? -- Secular grace and salvation -- Ways of individual secular salvation -- The secular Pilgrim and his salvation -- Secular grace as a Path to salvation -- Humanist, existentialist, secular grace -- Humanism -- Existentialism -- Secularism -- Bibliography -- Index of names -- Index of subjects. | |
| 526 | _aSEG42 | ||
| 526 | _aSEG41 | ||
| 526 | _aSEG40 | ||
| 526 | _aSEG39 | ||
| 526 | _aP94 | ||
| 526 | _aP87 | ||
| 526 | _aP86 | ||
| 526 | _aP85 | ||
| 526 | _aP77 | ||
| 526 | _aP76 | ||
| 526 | _aP35 | ||
| 650 | 0 | 4 |
_aÉtica existencial _xExistential ethics. |
| 650 | 0 | 4 |
_aGracia _xGrace. |
| 700 | 1 |
_aHarshav, Barbara, _eeditor. |
|
| 910 |
_adbm _bwmm _cwmm _d20180307 |
||
| 942 |
_2ddc _cBOOK |
||
| 994 |
_aC0 _bPEPRU |
||
| 596 | _a1 | ||
| 999 |
_a234 S3 _wDEWEY _c27100 _i78364 _f2021-11-10 _g4 _lCCODEBUL1 _mBUL _p60.00 _r0 _sY _tBOOK _u2018-3-8 _xTEOLOGIA _PP35 _0COMPRA _o.STAFF. Colección Teología _d27100 |
||
| 980 |
_81 _gALBERTO SANCHEZ Responsable de Automatización |
||